000 01506nam2a2200349 4500
001 RU\NLR\bibl\1026022
005 20250614235332.0
010 _a5-317-01745-9
_9140
021 _aRU
_b2006-72848
_93675
035 _a(nilc)RSL-KNO-002968368
035 _a(NLR Aleph) 001013528
090 _a653682
_c653682
100 _a20061115d2006 |||y0rusy50 ca
101 0 _arus
102 _aRU
105 _ay |||||||||
106 _ar
200 1 _aМетафизика как она есть
_fС.А. Борчиков, С.Л. Катречко, И.В. Матюшкин [и др.]
210 _aМосква
_cМАКС Пресс
_d2006
_eМ.
_gМГУ им. М.В. Ломоносова
215 _a126,[1] с.
_d21
320 _aБиблиогр. в конце ст. и в подстроч. прим.
320 _aУказ. содерж. всех вып. альманаха "Размышления о ...": с. 124-126
461 0 _1001RU\NLR\bibl\45531
_12001#$aРазмышления о...$vВып. 9
_9234412
_cМ.
_d1999
_fБорчиков С.А., Захарова Т.Г., Кутергина И.Г. и др.
_nДиалог-МГУ
_o(Филос. альм.)
_tРазмышления о...
_vВып. 9
606 1 _aМетафизика
_jСборники
_91581887
_3RU\NLR\auth\66694330
686 _aЮ0я43
_2rubbk
686 _aЮ21я43
801 0 _aRU
_bРКП
_c20061115
_grpk
801 1 _aRU
_bРГБ
_c20061115
801 2 _aRU
_bNLR
_c20061220
_grcr
942 _cBOOK
980 _aNB